[Event "South Wales op 17th"]
[Site "Bridgend"]
[Date "2022.07.09"]
[Round "4"]
[White "Rathbone Jones, Ifan"]
[Black "Gawne, Martin P"]
[Result "1-0"]
[WhiteElo "1936"]
[BlackElo "1724"]
[PlyCount "43"]
[EventDate "2022.07.07"]
[EventType "swiss"]
[EventRounds "9"]
[EventCountry "WLS"]
[SourceTitle "CBM 209 Extra"]
[Source "ChessBase"]
[SourceDate "2022.09.30"]
[SourceVersion "1"]
[SourceVersionDate "2022.09.30"]
[SourceQuality "1"]

1. d4 d6 2. Nc3 Nf6 3. e4 e5 4. dxe5 dxe5 5. Qxd8+ Kxd8 6. Bg5 Be6 7. 0-0-0+ Kc8 8. f4 Bb4 9. Bxf6 gxf6 10. f5 Bxc3 11. fxe6 Bb4 12. Bc4 Nc6 13. exf7 Nd8 14. Ne2 Be7 15. Ng3 Rf8 16. Nf5 Bc5 17. Rd3 a6 18. Rhd1 b5 19. Bb3 Nxf7 20. Be6+ Kb7 21. Rd7 Ng5 22. Bd5+ 1-0

[Event "BCF-chT3N 1920 (4NCL)"]
[Site "England"]
[Date "2020.02.09"]
[Round "6.207"]
[White "Gawne, Martin P"]
[Black "Bryant, Richard BE"]
[Result "0-1"]
[WhiteElo "1810"]
[BlackElo "1982"]
[PlyCount "78"]
[EventDate "2019.11.09"]
[EventType "team-swiss"]
[EventRounds "11"]
[EventCountry "ENG"]
[SourceTitle "EXT 2022"]
[Source "ChessBase"]
[SourceDate "2021.10.06"]
[SourceVersion "1"]
[SourceVersionDate "2021.10.06"]
[SourceQuality "1"]
[WhiteTeam "Manchester Manticores III"]
[BlackTeam "Shropshire"]
[WhiteTeamCountry "ENG"]
[BlackTeamCountry "ENG"]

1. d4 e6 2. Nf3 b6 3. g3 Bb7 4. Bg2 c5 5. 0-0 cxd4 6. Nxd4 Bxg2 7. Kxg2 Nf6 8. c4 Qc8 9. b3 Nc6 10. Bb2 Nxd4 11. Bxd4 Qc6+ 12. Kg1 Be7 13. Nd2 0-0 14. Nf3 d6 15. Qd2 Rfd8 16. Rac1 Qb7 17. Rfd1 d5 18. Qb2 dxc4 19. Rxc4 Ne8 20. Rdc1 f6 21. Qc2 b5 22. Rc6 Bd6 23. Bb2 Qe7 24. Nd4 Rab8 25. Qe4 Nc7 26. Nf5 exf5 27. Qxe7 Bxe7 28. Rxc7 Bf8 29. Rxa7 Rd2 30. Bc3 Rxe2 31. Bd4 Re4 32. Be3 g5 33. Rcc7 f4 34. Bd2 Rd8 35. f3 Re2 36. Rd7 Rxd2 37. Rxd8 Rxd8 38. Kf1 Rd3 39. Ke2 Re3+ 0-1

[Event "BCF-chT3N 1920 (4NCL)"]
[Site "England"]
[Date "2020.01.11"]
[Round "3.26"]
[White "Gawne, Martin P"]
[Black "Patrick, David A"]
[Result "1-0"]
[WhiteElo "1810"]
[BlackElo "1904"]
[PlyCount "35"]
[EventDate "2019.11.09"]
[EventType "team-swiss"]
[EventRounds "11"]
[EventCountry "ENG"]
[SourceTitle "EXT 2022"]
[Source "ChessBase"]
[SourceDate "2021.10.06"]
[SourceVersion "1"]
[SourceVersionDate "2021.10.06"]
[SourceQuality "1"]
[WhiteTeam "Manchester Manticores III"]
[BlackTeam "Bradford DCA Knights"]
[WhiteTeamCountry "ENG"]
[BlackTeamCountry "ENG"]

1. d4 d5 2. Nf3 Nf6 3. e3 c6 4. Nbd2 Bf5 5. Ne5 Nbd7 6. g4 Bg6 7. h4 h5 8. Nxg6 fxg6 9. Bd3 Kf7 10. g5 Ne8 11. Qf3+ Kg8 12. Bxg6 Nd6 13. Qh3 Rh7 14. Bxh7+ Kxh7 15. e4 e5 16. g6+ Kh8 17. Qf3 dxe4 18. Qxh5+ 1-0

[Event "BCF-chT3N 1920 (4NCL)"]
[Site "England"]
[Date "2019.11.10"]
[Round "2.82"]
[White "Fabri, Henrik"]
[Black "Gawne, Martin P"]
[Result "1-0"]
[WhiteElo "1930"]
[BlackElo "1810"]
[PlyCount "109"]
[EventDate "2019.11.09"]
[EventType "team-swiss"]
[EventRounds "11"]
[EventCountry "ENG"]
[SourceTitle "EXT 2022"]
[Source "ChessBase"]
[SourceDate "2021.10.06"]
[SourceVersion "1"]
[SourceVersionDate "2021.10.06"]
[SourceQuality "1"]
[WhiteTeam "Manx Liberty II"]
[BlackTeam "Manchester Manticores IV"]
[WhiteTeamCountry "ENG"]
[BlackTeamCountry "ENG"]

1. e4 e6 2. d4 d5 3. e5 c5 4. c3 Nc6 5. Nf3 Nge7 6. Bd3 cxd4 7. cxd4 Nf5 8. Bxf5 exf5 9. 0-0 Be6 10. Nc3 Be7 11. a3 0-0 12. b4 Rc8 13. Qd3 h6 14. Na4 b6 15. Bd2 Qd7 16. Nc3 Qc7 17. Rfc1 Qb7 18. h4 a6 19. Ne2 Rc7 20. Ng3 Qc8 21. Ne2 Qb7 22. Rc2 Kh7 23. Rac1 Rfc8 24. Nf4 Nb8 25. g4 Rxc2 26. Rxc2 Rxc2 27. Qxc2 Qd7 28. g5 hxg5 29. hxg5 g6 30. Kg2 Qd8 31. Qc1 Qd7 32. Nxe6 Qxe6 33. Qc7 Nd7 34. Bf4 Kg7 35. Ne1 Nf8 36. Qa7 b5 37. Nd3 Nd7 38. Qb7 Nb6 39. Qxa6 Nc4 40. Qxb5 Nxa3 41. Qb7 Nc2 42. Nc5 Bxc5 43. dxc5 Ne1+ 44. Kg3 d4 45. Qh1 Qb3+ 46. f3 Qxb4 47. Qh6+ Kg8 48. e6 Qxc5 49. exf7+ Kxf7 50. Qh7+ Kf8 51. Qxg6 Ke7 52. Qf6+ Kd7 53. Qf7+ Kd8 54. g6 Nxf3 55. g7 1-0

[Event "Leyland op"]
[Site "Leyland"]
[Date "2019.08.26"]
[Round "6"]
[White "Lyth, John D"]
[Black "Gawne, Martin P"]
[Result "1-0"]
[WhiteElo "1969"]
[BlackElo "1766"]
[PlyCount "43"]
[EventDate "2019.08.24"]
[EventType "swiss"]
[EventRounds "6"]
[EventCountry "ENG"]
[SourceTitle "EXT 2020"]
[Source "ChessBase"]
[SourceDate "2019.10.17"]
[SourceVersion "1"]
[SourceVersionDate "2019.10.17"]
[SourceQuality "1"]

1. d4 Nf6 2. Nf3 e6 3. e3 g6 4. Be2 Bg7 5. 0-0 0-0 6. c4 b6 7. Nc3 Bb7 8. Qc2 d6 9. e4 Nbd7 10. h3 c5 11. d5 exd5 12. exd5 a6 13. Bf4 Qc7 14. Rfe1 b5 15. cxb5 Nxd5 16. Nxd5 Bxd5 17. Red1 Nb6 18. bxa6 Qc6 19. a4 Be4 20. Qd2 Nxa4 21. Bh6 Bxb2 22. Rxa4 1-0

[Event "Bolton Easter op"]
[Site "Bolton"]
[Date "2019.04.19"]
[Round "2"]
[White "Jones, Steven"]
[Black "Gawne, Martin P"]
[Result "1-0"]
[WhiteElo "2128"]
[BlackElo "1814"]
[PlyCount "75"]
[EventDate "2019.04.19"]
[EventType "swiss"]
[EventRounds "5"]
[EventCountry "ENG"]
[SourceTitle "CBM 190 Extra"]
[Source "ChessBase"]
[SourceDate "2019.07.15"]
[SourceVersion "1"]
[SourceVersionDate "2019.07.15"]
[SourceQuality "1"]

1. e4 c5 2. Nf3 e6 3. d4 cxd4 4. Nxd4 Nc6 5. Nc3 a6 6. Be3 Qc7 7. Qd2 b5 8. 0-0-0 Nf6 9. f3 Be7 10. g4 d6 11. Nxc6 Qxc6 12. Kb1 0-0 13. h4 Rd8 14. Ne2 Bb7 15. h5 Nd7 16. Nd4 Qc7 17. g5 Nf8 18. Bh3 d5 19. e5 Bc5 20. f4 Rac8 21. Rdg1 Bxd4 22. Bxd4 Re8 23. Qh2 g6 24. Bf1 Re7 25. Bd3 Kg7 26. hxg6 fxg6 27. Rg2 Kf7 28. Qg1 Qd7 29. Rh4 Ke8 30. Rgh2 Rc6 31. Bc5 Rf7 32. b4 Bc8 33. Qh1 Rc7 34. Bd6 Rb7 35. Qg1 Qd8 36. Qc5 Nd7 37. Qc6 Rb6 38. Qc3 1-0

[Event "BCF-chT3N 1617 (4NCL)"]
[Site "England"]
[Date "2017.02.11"]
[Round "5.65"]
[White "Gawne, Martin P"]
[Black "Johnson, Paul A"]
[Result "1/2-1/2"]
[WhiteElo "1847"]
[BlackElo "1868"]
[PlyCount "51"]
[EventDate "2016.11.26"]
[EventType "team-swiss"]
[EventRounds "11"]
[EventCountry "ENG"]
[SourceTitle "EXT 2019"]
[Source "ChessBase"]
[SourceDate "2018.10.10"]
[SourceVersion "1"]
[SourceVersionDate "2018.10.10"]
[SourceQuality "1"]
[WhiteTeam "Manchester Manticores IV"]
[BlackTeam "Bradford DCA Knights II"]
[WhiteTeamCountry "ENG"]
[BlackTeamCountry "ENG"]

1. e4 e5 2. Nc3 Nf6 3. f4 d5 4. d3 Nc6 5. fxe5 Nxe5 6. d4 Ng6 7. e5 Ne4 8. Nf3 Bb4 9. Bd2 Nxd2 10. Qxd2 0-0 11. Be2 Be6 12. 0-0 f6 13. exf6 Rxf6 14. Ng5 Qe7 15. Rxf6 Qxf6 16. Rf1 Qe7 17. Qe3 Re8 18. Qxe6+ Qxe6 19. Nxe6 Bxc3 20. Bg4 Ba5 21. c3 Bb6 22. Ng5 Nf8 23. Nh3 c6 24. Nf4 Bc7 25. Nd3 Bd6 26. g3 1/2-1/2

[Event "BCF-chT3N 1617 (4NCL)"]
[Site "England"]
[Date "2017.01.14"]
[Round "3.74"]
[White "Gawne, Martin P"]
[Black "Davison, Colin FS"]
[Result "1-0"]
[WhiteElo "1847"]
[BlackElo "1932"]
[PlyCount "83"]
[EventDate "2016.11.26"]
[EventType "team-swiss"]
[EventRounds "11"]
[EventCountry "ENG"]
[SourceTitle "EXT 2019"]
[Source "ChessBase"]
[SourceDate "2018.10.10"]
[SourceVersion "1"]
[SourceVersionDate "2018.10.10"]
[SourceQuality "1"]
[WhiteTeam "Manchester Manticores IV"]
[BlackTeam "Cheddleton II"]
[WhiteTeamCountry "ENG"]
[BlackTeamCountry "ENG"]

1. e4 e6 2. d4 d5 3. Nc3 Nf6 4. Bg5 Be7 5. e5 Nfd7 6. Bxe7 Qxe7 7. f4 c5 8. Nb5 Na6 9. Nd6+ Kf8 10. Bxa6 bxa6 11. c3 a5 12. Qe2 g6 13. Nf3 h6 14. 0-0 Qd8 15. Ne1 Qb6 16. Qd2 Ba6 17. Rf3 Rb8 18. Rb1 Ke7 19. Kh1 Rh7 20. g4 h5 21. f5 Nf8 22. Qg5+ Kd7 23. fxg6 fxg6 24. gxh5 Be2 25. Rf6 Bxh5 26. Qf4 Qd8 27. Nd3 cxd4 28. cxd4 g5 29. Qxg5 Bf3+ 30. Kg1 Qe7 31. Kf2 Be4 32. Nc5+ Kc6 33. Ncxe4 dxe4 34. Qf4 Kd7 35. Nxe4 Rc8 36. Re1 Qg7 37. Ng5 Ng6 38. Qg3 Rc2+ 39. Re2 Rxe2+ 40. Kxe2 Qh6 41. Nxh7 Qh5+ 42. Kf2 1-0

[Event "BCF-chT3N 1617 (4NCL)"]
[Site "England"]
[Date "2016.11.26"]
[Round "1.64"]
[White "Adams, Philip"]
[Black "Gawne, Martin P"]
[Result "1-0"]
[WhiteElo "2057"]
[BlackElo "1847"]
[PlyCount "63"]
[EventDate "2016.11.26"]
[EventType "team-swiss"]
[EventRounds "11"]
[EventCountry "ENG"]
[SourceTitle "EXT 2019"]
[Source "ChessBase"]
[SourceDate "2018.10.10"]
[SourceVersion "1"]
[SourceVersionDate "2018.10.10"]
[SourceQuality "1"]
[WhiteTeam "3CS Oldham II"]
[BlackTeam "Manchester Manticores IV"]
[WhiteTeamCountry "ENG"]
[BlackTeamCountry "ENG"]

1. e4 g6 2. d4 Bg7 3. Nf3 d6 4. c3 Nf6 5. Bd3 0-0 6. 0-0 Nc6 7. h3 e5 8. Re1 h6 9. Nbd2 Nd7 10. Nb3 a5 11. a4 exd4 12. Nbxd4 Nde5 13. Nxc6 Nxc6 14. Be3 Qe7 15. Qb3 Bd7 16. Rad1 Kh7 17. Bc4 b6 18. Bd5 Rae8 19. Qc4 Ne5 20. Nxe5 Bxe5 21. Qxc7 Bxa4 22. Qxe7 Rxe7 23. Ra1 Bc2 24. Re2 Bd3 25. Rd2 Bb5 26. f4 Bg7 27. Bxb6 a4 28. Ba5 Ra7 29. Bb4 Rd8 30. Ba2 Rad7 31. Rad1 Bf8 32. e5 1-0

[Event "BCF-chT3Nd 1516 (4NCL)"]
[Site "England"]
[Date "2016.05.01"]
[Round "10.110"]
[White "Gawne, Martin P"]
[Black "Johnson, Paul A"]
[Result "1/2-1/2"]
[WhiteElo "1847"]
[BlackElo "1873"]
[PlyCount "122"]
[EventDate "2016.03.20"]
[EventType "team-swiss"]
[EventRounds "11"]
[EventCountry "ENG"]
[SourceTitle "EXT 2017"]
[Source "ChessBase"]
[SourceDate "2016.10.25"]
[SourceVersion "1"]
[SourceVersionDate "2016.10.25"]
[SourceQuality "1"]
[WhiteTeam "Manchester Manticores III"]
[BlackTeam "Bradford DCA Knights II"]
[WhiteTeamCountry "ENG"]
[BlackTeamCountry "ENG"]

1. Nf3 d5 2. d4 Nf6 3. c4 c6 4. g3 Bf5 5. Bg2 e6 6. Qb3 Qb6 7. Nc3 Nbd7 8. Bf4 Be7 9. 0-0 h6 10. cxd5 Qxb3 11. axb3 exd5 12. Rfc1 0-0 13. Na4 Ne4 14. Nd2 Bf6 15. Nxe4 dxe4 16. e3 Be7 17. Nc5 Nxc5 18. dxc5 Bf6 19. Ra4 Rfe8 20. Rcc4 Rad8 21. Bxe4 Rd1+ 22. Kg2 Bxe4+ 23. Rxe4 Rxe4 24. Rxe4 Rd7 25. Re8+ Kh7 26. Be5 Bxe5 27. Rxe5 Rd3 28. b4 Rb3 29. Re4 Kg6 30. Rc4 Rxb2 31. Rf4 f6 32. Kh3 Kf7 33. Kg4 g6 34. Kf3 Ke6 35. Rd4 h5 36. Re4+ Kf7 37. Rd4 Ke6 38. Re4+ Kf5 39. Rf4+ Kg5 40. Rd4 f5 41. e4 Rb3+ 42. Kg2 fxe4 43. Rxe4 Kf5 44. f3 Rb2+ 45. Kg1 g5 46. h3 Rc2 47. Re3 a5 48. Rb3 axb4 49. Rxb4 Rxc5 50. Rxb7 h4 51. gxh4 gxh4 52. Rh7 Kg5 53. Rf7 Rf5 54. Rc7 c5 55. Kg2 Kf4 56. Kf2 Rd5 57. Rf7+ Ke5 58. Ke3 Rd4 59. Rc7 Rc4 60. Kd3 Rd4+ 61. Ke3 Rc4 1/2-1/2

[Event "BCF-chT3Nd 1516 (4NCL)"]
[Site "England"]
[Date "2016.04.30"]
[Round "9.108"]
[White "Blackburn, Sandra G"]
[Black "Gawne, Martin P"]
[Result "1/2-1/2"]
[WhiteElo "1585"]
[BlackElo "1847"]
[PlyCount "49"]
[EventDate "2016.03.20"]
[EventType "team-swiss"]
[EventRounds "11"]
[EventCountry "ENG"]
[SourceTitle "EXT 2017"]
[Source "ChessBase"]
[SourceDate "2016.10.25"]
[SourceVersion "1"]
[SourceVersionDate "2016.10.25"]
[SourceQuality "1"]
[WhiteTeam "Cheddleton III"]
[BlackTeam "Manchester Manticores III"]
[WhiteTeamCountry "ENG"]
[BlackTeamCountry "ENG"]

1. d4 g6 2. Nf3 Bg7 3. e4 d6 4. Bd3 Nf6 5. Bg5 Nbd7 6. Nbd2 0-0 7. 0-0 c6 8. c3 Qc7 9. h3 e5 10. Rc1 a6 11. a4 b5 12. axb5 axb5 13. Ra1 Bb7 14. Qe2 Rfe8 15. dxe5 dxe5 16. Be3 Nb6 17. Bxb6 Qxb6 18. Rxa8 Bxa8 19. Ra1 Nh5 20. Bc2 c5 21. Nf1 Bb7 22. Ne3 Nf6 23. Ng4 Nxg4 24. hxg4 c4 25. Rd1 1/2-1/2